000 00367 a2200157 4500
001 192921
020 _a978-85-7153-271-7
040 _cMagnum
100 _aUsai, Remo
240 1 0 _aSeu flautim na praça da harmonia
_lpor
245 1 0 _aSeu flautim na praça da harmonia
300 _a44
362 0 _a2011
697 _aLITERATURA INFANTO-JUVENIL
942 _cBK
999 _c192921
_d192921